000 00595nam a2200193Ia 4500
003 IN-BaIIA
008 211028s9999 xx 000 0 eng d
020 _a0-07-019756-3
040 _cIIA Library
080 _a681.31
_bMIC
245 0 _aMicroprocessor systems
_bsoftware and hardware architecture
_cedited by Stephen Evanczuk
260 _aNew York
_bMcGraw-Hill
_c1984
300 _avii, 389p.
650 _aMicrocomputers
_99969
650 _aMicroprocessors
_99691
650 _aNASA Thesaurus
700 _aEvanczuk, Stephen., ed.
_913524
942 _cBK
999 _c8017
_d8017